| 000 | 00599nam a2200205 a 4500 | ||
|---|---|---|---|
| 005 | 20140310183211.0 | ||
| 008 | 970101s19uu xx 00 eng d | ||
| 020 | _a0891342591 | ||
| 050 |
_aTR 690.4 _b.M37 1989 |
||
| 100 | _aMarshall, Hugh | ||
| 245 |
_aArt-directing : _bphotography / _cHugh Marshall. |
||
| 260 |
_aCincinnati, Ohio : _bNorth Books, _c1989. |
||
| 300 |
_a144 p. : _bcol. ill. ; _c23 cm. |
||
| 521 | _aMC | ||
| 650 | _aPhotography, Artistic | ||
| 650 | _aCommercial Photography | ||
| 650 |
_aphotography _xhandbooks, manuals ,etc. |
||
| 942 |
_cBK _2lcc _kFOR |
||
| 999 |
_c20140 _d20140 |
||